000 00459nam a2200169Ia 4500
999 _c11752
_d11752
003 OSt
005 20201005150627.0
008 190216s9999||||xx |||||||||||||| ||und||
040 _coclc
082 _a823.914
_bHEM/L
100 _aHemming, James
_94674
245 4 _aThe Lion Cub /
_cJames Hemming
260 _bLongmans,
_c1957.
_aNewyork:
300 _a47p
650 _aSpeeches
942 _cBK
_2ddc
_h823.914
_iHEM/L
_k823.914
_mHEM/L